Schedule 1 Ultimate Quiz - Statistics

General Stats
  • This quiz has been taken 175 times
  • The average score is 24 of 42
Answer Stats
Hint Answer % Correct
Drug Meth
88%
Drug Cocaine
86%
Dealer Benji
85%
Ingredient Horse Semen
77%
Properties Motel
75%
Properties Bungalow
74%
Ingredient Cuke
73%
Drug Weed
73%
Properties Barn
72%
Areas Docks
72%
Dealer Molly
72%
Ingredient Banana
70%
Areas Downtown
70%
Ingredient Gasoline
69%
Businesses Taco Ticklers
66%
Businesses Laundromat
65%
Businesses Post Office
65%
Ingredient Mega Bean
60%
Properties Warehouse
59%
Areas Westville
58%
Ingredient Paracetamol
57%
Areas Uptown
57%
Ingredient Viagra
57%
Businesses Car Wash
56%
Ingredient Donut
56%
Ingredient Battery
55%
Dealer Brad
55%
Properties Sweatshop
54%
Areas Suburbia
52%
Properties RV
49%
Dealer Jane
47%
Ingredient Addy
44%
Ingredient Motor Oil
42%
Ingredient Chili
41%
Dealer Wei Long
39%
Ingredient Energy Drink
38%
Properties Storage Unit
34%
Ingredient Mouth Wash
32%
Areas Northtown
32%
Ingredient Iodine
30%
Dealer Leo
30%
Ingredient Flu Medicine
29%
No matching quizzes found
Score Distribution
Percent of People with Each Score
Percentile by Number Answered
Your Score History
You have not taken this quiz